000 00309nam a2200133Ia 4500
008 191201s2007 xx 000 0 und d
100 _aARORA, S
245 0 _aWindows based Computer Courses
250 _a-
260 _c2007
_bS Vikas Publisher
_aN.Delhi
300 _a811
650 _aMBA
942 _2ddc
_cBB
999 _c7232
_d7232